| 000 | 01107nam2a2200265 4500 | ||
|---|---|---|---|
| 001 | RU\NLR\BIBL_A\010104399 | ||
| 005 | 20250613200739.0 | ||
| 010 |
_a978-5-4357-0268-2 _bООО "Петроглиф" |
||
| 010 |
_a978-5-367-02884-3 _bАмфора _91500 |
||
| 021 |
_aRU _b2013-100108 _96956 |
||
| 035 | _a(NLR Aleph) 010104399 | ||
| 090 |
_a9944371 _c9944371 |
||
| 100 | _a20140207d2013 |||y0rusy50 ca | ||
| 101 | 1 |
_arus _cger |
|
| 102 | _aRU | ||
| 105 | _ay|||z|||000yy | ||
| 200 | 0 | _aТ. 2 | |
| 210 |
_d2013 _aБ. м. |
||
| 215 | _a574, [1] с. | ||
| 461 | 0 |
_1001RU\NLR\BIBL_A\010300224 _12000#$aЧеловек без свойств$e[роман$eв 2 т.]$fРоберт Музиль$g[пер. с нем.: С. Апт]$vТ. 2 _1700#1$aМузиль$bР.$f1880-1942$gРоберт _910589888 _aМузиль, Р. (1880-1942) _cСанкт-Петербург _d2013 _fРоберт Музиль _nАмфора _o[роман : в 2 т.] _tЧеловек без свойств _y9785435702651 _vТ. 2 |
|
| 675 | _a821.112.2(436)-31 | ||
| 942 | _cBOOK | ||
| 980 | _aNB | ||